00705nam a2200205 a 4500001000400000003000500004005001700009008004100026040002000067100003400087245006800121260006000189300001100249490005900260650004300319650001800362942001300380999001300393952009300406588CDMR20131104140413.0130130s1963||||||||||||||||||||||||||||d aCDMRbcatcCDMR1 aRamos Martínez, Raúl943610aCorrección de pruebas tipográficascpor R. Ramos Martínez aMéxicoc1963bUnión tipográfica Hispano Americana a246 p.0 aManuales Uteha.aSección 6. Tecnologíav171 , 171a0494139aCorrecció de proves d'impremta0493457aEditors cMON2udc c588d588 00104070aCDMRbCDMRd2013-01-16l0oDm /15pCDMR13108574r2013-01-16w2013-01-16yMON